000
00270nam a2200121Ia 4500
005
20250423101258.0
008
250422s9999 xx 000 0 und d
020
_a
0-8151-49441
245
4
_a
The Harriet Lane Handbook
260
_b
Mosby
260
_c
1996
942
_c
BK
999
_c
35831
_d
35831